<?xml version="1.0" encoding="UTF-8"?><?xml-stylesheet type="text/xsl" href="static/style.xsl"?><OAI-PMH xmlns="http://www.openarchives.org/OAI/2.0/" xmlns:xsi="http://www.w3.org/2001/XMLSchema-instance" xsi:schemaLocation="http://www.openarchives.org/OAI/2.0/ http://www.openarchives.org/OAI/2.0/OAI-PMH.xsd"><responseDate>2026-06-03T23:33:19Z</responseDate><request verb="GetRecord" identifier="oai:riuma.uma.es:10630/36538" metadataPrefix="marc">https://riuma.uma.es/rest/oai/request</request><GetRecord><record><header><identifier>oai:riuma.uma.es:10630/36538</identifier><datestamp>2026-02-03T11:14:02Z</datestamp><setSpec>com_10630_2254</setSpec><setSpec>col_10630_37953</setSpec></header><metadata><record xmlns="http://www.loc.gov/MARC21/slim" xmlns:dcterms="http://purl.org/dc/terms/" xmlns:doc="http://www.lyncode.com/xoai" xmlns:xsi="http://www.w3.org/2001/XMLSchema-instance" xsi:schemaLocation="http://www.loc.gov/MARC21/slim http://www.loc.gov/standards/marcxml/schema/MARC21slim.xsd">
   <leader>00925njm 22002777a 4500</leader>
   <datafield ind2=" " ind1=" " tag="042">
      <subfield code="a">dc</subfield>
   </datafield>
   <datafield ind2=" " ind1=" " tag="720">
      <subfield code="a">Fernández-Llebrez, Pedro</subfield>
      <subfield code="e">author</subfield>
   </datafield>
   <datafield ind2=" " ind1=" " tag="720">
      <subfield code="a">Mateos-Grondona, Jesús</subfield>
      <subfield code="e">author</subfield>
   </datafield>
   <datafield ind2=" " ind1=" " tag="720">
      <subfield code="a">Pérez-Rodríguez, Juan</subfield>
      <subfield code="e">author</subfield>
   </datafield>
   <datafield ind2=" " ind1=" " tag="720">
      <subfield code="a">López-Aranda, Manuel Francisco</subfield>
      <subfield code="e">author</subfield>
   </datafield>
   <datafield ind2=" " ind1=" " tag="720">
      <subfield code="a">Estivill-Torrús, Guillermo</subfield>
      <subfield code="e">author</subfield>
   </datafield>
   <datafield ind2=" " ind1=" " tag="720">
      <subfield code="a">Llebrez Zayas, Pedro</subfield>
      <subfield code="e">author</subfield>
   </datafield>
   <datafield ind2=" " ind1=" " tag="720">
      <subfield code="a">Soriano, E.</subfield>
      <subfield code="e">author</subfield>
   </datafield>
   <datafield ind2=" " ind1=" " tag="720">
      <subfield code="a">Ramos, C.</subfield>
      <subfield code="e">author</subfield>
   </datafield>
   <datafield ind2=" " ind1=" " tag="720">
      <subfield code="a">Lallemand, Y.</subfield>
      <subfield code="e">author</subfield>
   </datafield>
   <datafield ind2=" " ind1=" " tag="720">
      <subfield code="a">Bach, A.</subfield>
      <subfield code="e">author</subfield>
   </datafield>
   <datafield ind2=" " ind1=" " tag="720">
      <subfield code="a">Robert, B.</subfield>
      <subfield code="e">author</subfield>
   </datafield>
   <datafield ind2=" " ind1=" " tag="260">
      <subfield code="c">2004-06</subfield>
   </datafield>
   <datafield ind2=" " ind1=" " tag="520">
      <subfield code="a">Msx1 is a regulatory gene involved in epithelio-mesenchymal interactions in limb formation and organogenesis. In the embryonic CNS, the Msx1 gene is expressed along the dorsal midline. Msx1 mutant mice have been obtained by insertion of the nlacZ gene in the Msx1 homeodomain. The most important features of homozygous mutants that we observed were the absence or malformation of the posterior commissure (PC) and of the subcommissural organ (SCO), the collapse of the cerebral aqueduct, and the development of hydrocephalus. Heterozygous mutants developed abnormal PC and reduced SCO, as revealed by specific antibodies against SCO secretory glycoproteins. About one third of the heterozygous mutants also showed hydrocephalus. Other defects displayed by homozygous mutants were ependymal denudation, subventricular cavitations and edema, and underdevelopment of the pineal gland and subfornical organ. Some homozygous mutants developed both SCO and PC, probably as a consequence of genetic redundancy with Msx2. However, these mutants did not show SCO-immunoreactive glycoproteins and displayed obstructive hydrocephalus. This suggests that Msx1 is necessary for the synthesis of SCO glycoproteins, which would then be required for the maintenance of an open aqueduct.</subfield>
   </datafield>
   <datafield ind1="8" ind2=" " tag="024">
      <subfield code="a">FP. Fernández-Llebrez, J. M. Grondona, J. Pérez, M. F. López-Aranda, G. Estivill-Torrús, P. F. Llebrez-Zayas, E. Soriano, C. Ramos, Y. Lallemand, A. Bach, B. Robert, Msx1-Deficient Mice Fail to Form Prosomere 1 Derivatives, Subcommissural Organ, and Posterior Commissure and Develop Hydrocephalus, Journal of Neuropathology &amp; Experimental Neurology, Volume 63, Issue 6, June 2004, Pages 574–586, https://doi.org/10.1093/jnen/63.6.574</subfield>
   </datafield>
   <datafield ind1="8" ind2=" " tag="024">
      <subfield code="a">https://hdl.handle.net/10630/36538</subfield>
   </datafield>
   <datafield ind1="8" ind2=" " tag="024">
      <subfield code="a">10.1093/jnen/63.6.574</subfield>
   </datafield>
   <datafield tag="653" ind2=" " ind1=" ">
      <subfield code="a">Mutación inducida animal</subfield>
   </datafield>
   <datafield tag="653" ind2=" " ind1=" ">
      <subfield code="a">Hidrocefalia</subfield>
   </datafield>
   <datafield ind2="0" ind1="0" tag="245">
      <subfield code="a">Msx1-deficient mice fail to form prosomere 1 derivatives, subcommissural organ, and posterior commissure and develop hydrocephalus</subfield>
   </datafield>
</record>
</metadata></record></GetRecord></OAI-PMH>